000 00429nab a22001457 4500
003 ES-SlBCS
005 20220303142313.0
008 140521s2014 sp ||||| |||| 00| 0 spa d
040 _aES-SlBC
_bspa
041 _aspa
100 1 _aGalavotti, Enrico
_948336
245 1 3 _aLa curia romana en el siglo breve. Notas para una reflexión
773 0 _gNúm. 354, 2014, págs. 133-139
_tConcilium
_wRev134
_x0210-1041
942 _2lcc
_cAR
999 _c454016
_d454016